Music Quiz

Random Music or Bands Quiz

Bands By Member (1970s) Quiz Stats

 Plays Quiz Updated Feb 25, 2019

Score 0/30 Timer 09:00
6 Plays Today
Members Band % Correct
Jimmy Page, John Bonham, Robert Plant Led Zeppelin
86.1%
Sid Vicious, Johnny Rotten, Steve JonesThe Sex Pistols
79.8%
Jimmy McCulloch, Denny Laine, Linda McCartney Wings
78.3%
Don Henley, Glenn Frey, Timothy B. Schmit The Eagles
75.7%
Dan Aykroyd, Lou Marini, Steve Cropper The Blues Brothers
72.3%
David Gilmour, Roger Waters, Rick Wright Pink Floyd
69.6%
Christine McVie, John McVie, Lindsey Buckingham Fleetwood Mac
69.5%
Dickey Betts, Berry Oakley, Gregg Allman The Allman Brothers Band
66.4%
Walter Orange, Lionel Richie, Thomas McClary The Commodores
49.9%
Terry Kath, Walter Parazaider, Peter Cetera Chicago
46.4%
Steve Van Zandt, Max Weinberg, Gary Tallent Bruce Springsteen and the E Street Band
46.3%
Jeff Baxter, Tom Johnston, Michael McDonald The Doobie Brothers
44%
Ronnie Van Zant, Gary Rossington, Steve Gaines Lynyrd Skynyrd
41.5%
Ian Gillan, Ritchie Blackmore, Roger Glover Deep Purple
39.9%
Steve Howe, Patrick Moraz, Rick Wakeman Yes
36.3%
Members Band % Correct
Jeff Baxter, Walter Becker, Donald Fagen Steely Dan
36%
Simon Kirke, Mick Ralphs, Paul Rodgers Bad Company
31.4%
Sib Hashian, Tom Scholz, Brad Delp Boston
28.1%
Gary Moore, Phil Lynott, Brian Robertson Thin Lizzy
24.8%
Maurice White, Philip Bailey, Wade Flemons Earth, Wind and Fire
23.6%
Marty Balin, Craig Chaquico, Paul KantnerJefferson Starship
22%
David Johansen, Sylvain Sylvain, Johnny Thunders The New York Dolls
21.9%
John Lodge, Graeme Edge, Justin Hayward The Moody Blues
21.7%
Noddy Holder, Jim Lea, Don Powell Slade
16.7%
Ian Hunter, Overend Watts, Mick RalphsMott The Hoople
15.5%
Mark Farner, Mel Schacher, Don Brewer Grand Funk Railroad
14.3%
Dee Murray, Nigel Olsson, Davey Johnstone Elton John Band
13.2%
John Helliwell, Roger Hodgson, Rick Davies Supertramp
13.1%
Danny Hutton, Chuck Negron, Cory Wells Three Dog Night
12.8%
Steve Priest, Andy Scott, Mick Tucker The Sweet
7%

You're not logged in!

Compare scores with friends on all Sporcle quizzes.
OR
Log In

Sporcle TV

Today on Sporcle TV


Watch our educational content, quiz creation guides, and fun videos on Sporcle TV.

Show Comments

Extras

Top Quizzes Today


Score Distribution

Your Account Isn't Verified!

In order to create a playlist on Sporcle, you need to verify the email address you used during registration. Go to your Sporcle Settings to finish the process.

Report this User

Report this user for behavior that violates our Community Guidelines.

Details: